Greek Gods/Titans Quiz - Statistics

General Stats
  • This quiz has been taken 30 times
  • The average score is 16 of 31
Answer Stats
Answer % Correct
Hera
100%
Zeus
100%
Poseidon
95%
Hades
91%
Hermes
91%
Aphrodite
86%
Apollo
86%
Athena
86%
Kronos
82%
Ares
77%
Demeter
77%
Artemis
73%
Dionysus
68%
Hephaestus
59%
Hestia
59%
Rhea
55%
Helios
41%
Atlas
36%
Eros
32%
Persephone
32%
Oceanus
27%
Hyperion
23%
Iapetus
23%
Selene
23%
Theia
23%
Krios
18%
Tethys
14%
Themis
14%
Phoebe
9%
Koios
5%
Mnemosyne
5%
No matching quizzes found
Score Distribution
Percent of People with Each Score
Percentile by Number Answered
Your Score History
You have not taken this quiz